000 00688nam a2200265Ia 4500
005 20260121172755.0
008 008 260114s9999 xx 000 0 eng d
020 _a9789811601477
037 _aEBOOK
040 _aCRL
040 _beng
040 _cCRL
041 _2eng
041 _aeng
084 _qCRL
100 _aXinyuan Wu, Bin Wang
_91092575
245 0 _aGeometric Integrators for Differential Equations with Highly Oscillatory Solutions
260 _bSpringer
260 _bSpringer
260 _c2021
856 _uhttps://link.springer.com/openurl?genre=book&isbn=978-981-16-0147-7
942 _cEBOOK
999 _c1658315
_d1658315